| 000 | 01355cam a22003134a 4500 | ||
|---|---|---|---|
| 999 |
_c330347 _d330347 |
||
| 001 | 13191979 | ||
| 003 | NUST | ||
| 005 | 20170621122305.0 | ||
| 008 | 030509s2004 flua b 001 0 eng | ||
| 010 | _a 2003053133 | ||
| 020 | _a0748409181 (hbk. : alk. paper) | ||
| 020 | _a0748409173 (pbk.) | ||
| 040 |
_aDLC _cDLC _dDLC |
||
| 042 | _apcc | ||
| 050 | 0 | 0 |
_aRA1229 _b.O28 2004 |
| 082 | 0 | 0 |
_a615.902 WIN _221 |
| 245 | 0 | 0 |
_aOccupational toxicology / _cedited by Chris Winder and Neill Stacy. |
| 250 | _a2nd ed. | ||
| 260 |
_aBoca Raton, Fla. : _bCRC Press, _c2004. |
||
| 300 |
_axx, 602 p. : _bill. ; _c26 cm. |
||
| 500 | _aH.B | ||
| 504 | _aIncludes bibliographical references and index. | ||
| 650 | 0 |
_aIndustrial toxicology. _93034 |
|
| 700 | 1 |
_aWinder, Christopher. _93035 |
|
| 700 | 1 |
_aStacey, Neill H. _q(Neill Hubert), _d1950- _93036 |
|
| 856 | 4 | 1 |
_3Table of contents only _uhttp://www.loc.gov/catdir/toc/fy051/2003053133.html |
| 856 | 4 | 2 |
_3Publisher description _uhttp://www.loc.gov/catdir/enhancements/fy0646/2003053133-d.html |
| 906 |
_a7 _bcbc _corignew _d1 _eocip _f20 _gy-gencatlg |
||
| 942 |
_2ddc _cBK _kIESE |
||